| 000 | 00423nam a2200145 a 4500 | ||
|---|---|---|---|
| 001 | 000048763 | ||
| 005 | 20201002061405.0 | ||
| 008 | 190411s2016 dr r 000 spa d | ||
| 020 | _a9789945885224 | ||
| 040 |
_aDO-SdBNP _bspa _cBNPHU |
||
| 082 |
_axxx _bA664 |
||
| 245 | 0 |
_aArbitraje en República Dominicana : _bcompedio de normativa. |
|
| 260 |
_aSanto Domingo : _bJiménez Cruz Peña, _c2016. |
||
| 300 |
_a248 p. ; _c24 cm. |
||
| 999 |
_c48251 _d48251 |
||